000 00887nam a2200265 i 4500
001 180610
003 ES-MaACL
005 20230906221138.0
008 120618s1974 sp af |||| |bspa d
020 _a84-279-8742-0
080 _a75Grünewald
100 1 _aGrünewald, Matthias.
_960250
245 1 3 _aLa obra pictórica completa de Grünewald /
_cintroducción de Giovanni Testori ; biografía y estudios críticos de Piero Bianconi.
260 _aBarcelona :
_bNoguer,
_c[1974] (
_fRizzoli)
300 _a104 p. :
_bil. col. y n. ;
_c32 cm.
490 1 _aClásicos del arte ;
_v38
500 _aÍndices.
504 _aBibliografía: p. 82.
600 1 4 _aGrünewald, Matthias.
_960250
700 1 _aTestori, Giovanni.
_9150619
700 1 _aBianconi, Piero.
_928754
830 0 _aClásicos del arte ;
_v38
_9191252
852 _aES-MaACL
_jL-31073
999 _c180610
_d180610